Southville International School and Colleges
Your cart is empty.
  • Cart
  • Lists
    Public lists Eva Luna New books Lux_list list_1
    Your lists Log in to create your own lists
  • Log in to your account
  • Your cookies
  • Search history
Southville International School and Colleges
  • Advanced search
  • Recent comments
  • Most popular
  • Libraries

Log in to your account

Log in with GOOGLE


If you do not have an external account, but do have a local account, you can still log in:

  1. Home
  2. MARC view: A Heartbreaking work of staggering genius / mistakes we knew we were making /
Normal view MARC view ISBD view

A Heartbreaking work of staggering genius / mistakes we knew we were making / (Record no. 368638)

[ view plain ]
MARC details
000 -LEADER
fixed length control field 00683nam a22002057a 4500
003 - CONTROL NUMBER IDENTIFIER
control field 0
005 - DATE AND TIME OF LATEST TRANSACTION
control field 20251114105303.0
008 - FIXED-LENGTH DATA ELEMENTS--GENERAL INFORMATION
fixed length control field 251114b xxu||||| |||| 00| 0 eng d
020 ## - INTERNATIONAL STANDARD BOOK NUMBER
International Standard Book Number 0-375-72578-4
050 ## - LIBRARY OF CONGRESS CALL NUMBER
Classification number PS 3555
Item number .E34 2001
100 ## - MAIN ENTRY--PERSONAL NAME
Personal name Eggers, Dave,
Relator term author.
245 ## - TITLE STATEMENT
Title A Heartbreaking work of staggering genius / mistakes we knew we were making /
Statement of responsibility, etc Dave Eggers.
260 ## - PUBLICATION, DISTRIBUTION, ETC. (IMPRINT)
Place of publication, distribution, etc New York :
Name of publisher, distributor, etc Simon & Schuster,
Date of publication, distribution, etc 2001.
300 ## - PHYSICAL DESCRIPTION
Extent various pagination ;
Dimensions 21 cm.
600 ## - SUBJECT ADDED ENTRY--PERSONAL NAME
Personal name Eggers, Dave
General subdivision Childhood and youth.
650 ## - SUBJECT ADDED ENTRY--TOPICAL TERM
Topical term or geographic name as entry element Autobiographical writing.
650 ## - SUBJECT ADDED ENTRY--TOPICAL TERM
Topical term or geographic name as entry element Brothers
Geographic subdivision United States
General subdivision Biography.
650 ## - SUBJECT ADDED ENTRY--TOPICAL TERM
Topical term or geographic name as entry element Orphans
Geographic subdivision United States
General subdivision Biography.
942 ## - ADDED ENTRY ELEMENTS (KOHA)
Source of classification or shelving scheme Library of Congress Classification
Koha item type Books
Holdings
Withdrawn status Lost status Source of classification or shelving scheme Damaged status Home library Current library Shelving location Date acquired Source of acquisition Sub Shelving location Total Checkouts Full call number Barcode Date last seen Price effective from Koha item type
    Library of Congress Classification   College Library College Library General Circulation Section 08/01/2024 Donation     PS 3555 .E34 2001 C25672 11/14/2025 11/14/2025 Books

A Heartbreaking work of staggering genius / mistakes we knew we were making /

APA

Eggers D., . (2001). A Heartbreaking work of staggering genius / mistakes we knew we were making. New York: Simon & Schuster.

Chicago

Eggers Dave, . 2001. A Heartbreaking work of staggering genius / mistakes we knew we were making. New York: Simon & Schuster.

Harvard

Eggers D., . (2001). A Heartbreaking work of staggering genius / mistakes we knew we were making. New York: Simon & Schuster.

MLA

Eggers Dave, . A Heartbreaking work of staggering genius / mistakes we knew we were making. New York: Simon & Schuster. 2001.

  • Place hold
  • Print
  • Cite
  • Add to your cart (remove)
  • Save record
    BIBTEX Dublin Core MARCXML MARC (non-Unicode/MARC-8) MARC (Unicode/UTF-8) MARC (Unicode/UTF-8, Standard) MODS (XML) RIS
  • More searches
    Search for this title in:
    Other Libraries (WorldCat) Other Databases (Google Scholar) Online Stores (Bookfinder.com) Open Library (openlibrary.org)

Exporting to Dublin Core...

SOUTHVILLE LIBRARY

Southville International School and Colleges Library

1281 Tropical Ave. Cor. Luxembourg St., BF Homes International, Las Pinas City

Tel. No. 8256374 / 252358 Loc. 117/146

Powered by Koha